000 00749nas a2200253 4500
001 6281
003 GR-kaGGEEl
005 20220622205358.0
035 _a8988
090 _a6281
100 _a20100511c k y0grey50 ba
101 0 _aeng
102 _aCY
106 _ae
110 _ac||| 0|||
200 1 _aCyprus Mail [newspaper]
310 _aΗ βιβλιοθήκη διαθέτει τα εξής: 1958-1960
310 _aΗ εφημερίδα είναι δεμένη σε 6 τόμους μεγάλου μεγέθους.
606 1 _aΤύπος, Κυπριακός
_923970
607 _aΚύπρος
_xΕφημερίδες
_916682
676 _a079.5645
942 _cCR